Θεμελιώδεις αξίες στην παιδεία

Αποθηκεύτηκε σε:
Λεπτομέρειες βιβλιογραφικής εγγραφής
Συγγραφή απο Οργανισμό/Αρχή: Χριστιανική Ένωσις Εκπαιδευτικών Λειτουργών
Μορφή: Βιβλίο
Γλώσσα:Greek
Δημοσίευση: Αθήναι : Χριστιανική Ενωσις Εκπαιδευτικών Λειτουργών, 1983
Θέματα:
Ετικέτες: Προσθήκη ετικέτας
Δεν υπάρχουν, Καταχωρήστε ετικέτα πρώτοι!

MARC

LEADER 00000nam a2200000 i 4500
001 1/77520
008 970213s1983 gre d
035 |a 1995  |b 1  |c Δωρεά  |l 10032682 
040 |a GR-MY-UA  |b gre  |e aacr 
041 0 |a gre 
082 0 |a 306.4309495 
110 2 |a Χριστιανική Ένωσις Εκπαιδευτικών Λειτουργών. 
245 1 0 |a Θεμελιώδεις αξίες στην παιδεία 
260 |a Αθήναι :   |b Χριστιανική Ενωσις Εκπαιδευτικών Λειτουργών,   |c 1983 
300 |a 146 σ. 
650 0 0 |a Education  |x Social aspects  |z Greece. 
852 |a INST  |b RHODES  |e 19970213  |h 306.4309495 ΘΕΜ  |p 005400007239  |q 005400007239  |t BK  |y 0 
852 |a INST  |b RHODES  |e 19970213  |h 306.4309495 ΘΕΜ  |p 005400007407  |q 005400007407  |t BK  |y 0 
909 |a Ρ  |b 028405  |c 1995 
909 |a Ρ  |b 028486  |c 1995 
970 |z 2000/06/ΟΙΚΟΝΟΜΟΠΟΥΛΟΥ (SUBJECT)